000 00319nam a22001457a 4500
008 221117b ||||| |||| 00| 0 eng d
020 _a9780321645586
041 _aeng
080 _23RD EDITION
_a51
082 _a51DUG
100 _a22.2
101 _aMATE
245 _aTRIGONOMETRY
_cDUGOPOLSKI
942 _2udc
_cBK
999 _c58936
_d58936